000 00696nam a2200241Ia 4500
003 OSt
005 20220926020906.0
006 a|||||r|||| 00| 0
007 ta
008 220923b |||||||| |||| 00| 0 eng d
037 _cGeneral Book
040 _aRTL
_cRTL
_beng
041 _2eng
_aeng
082 _aX:(B), L7
100 _aMakarov V L
_9128971
245 0 _aMathematical theory of economic dyamics and equili
260 _aNew York
_bSpringer Verlag U S A
_c1977
300 _axv, 252p. Bib p241-48
_ccm.
650 _aMathematical Economics
700 _a Rubinov AM
_9325338
942 _hX:(B), L7
_cGB
_2CC
999 _c635197
_d635197